Statistics for Victorious Quiz

Click here to take the quiz!

General Stats

  • This quiz has been taken 840 times
  • The average score is 7 of 21

Answer Stats

Hint:Answer:% Correct
What nationality is Beck?Canadian
82%
Which food did Cat get addicted to?Bibble
81%
Who was Tori secret santa for in 'A Christmas Tori'?André
77%
What is the name of the acting teacher at Hollywood Arts?Sikowitz
75%
In 'Terror on Cupcake Street' who was driving the big cupcake?Beck
66%
Who plays Beck?Avan Jogia
63%
In which episode do we meet Louise Nordoff?Freak The Freak Out
40%
What is the name of Tori's ex-boyfriend who also dated Cat?Daniel
39%
In 'Driving Tori Crazy' what item is in the back seat of Jade's Car?Shovel
36%
What is the name of the Japanese restaurant that used to be called Wok Star?Nozu
30%
What is the name of the actress thought to be dead in 'Car, Rain and Fire'?Mona Patterson
23%
What is Sikowitz's first name?Erwin
18%
What is the name of the club where we meet Hayley and Tara?Karaoke Dokie
15%
What fake username did Robbie use in 'Wi-Fi In The Sky'?LIL_STEPHANIE 21
15%
In 'Ice Cream for Kesha' which flavour ice cream was the 'S' in?Funky nut blast
14%
What is the name of Beck's next door neighbour?Ally
10%
What is the name of the play written by Jade that was cancelled because of Tori's Prome?Clowns Don't Bounce
10%
Name the song that was sung in 'Driving Tori Crazy'Five Fingaz To The Face
10%
In 'Pilot' the very first thing we see is Tori inspecting her...?Mould bush
3%
What is the name of the highschool Tori attended before Hollywood Arts?Sherwood Highschool
2%
What colour is Jade's hair in the first few episodes?Blue and brown
1%

Score Distribution

Percentile by Number Answered

Percent of People with Each Score

Your Score History

You have not taken this quiz